Substantive Law in Investment Treaty Arbitration: (Record no. 622661)

MARC details
000 -LEADER
fixed length control field 00638nam a22001937a 4500
008 - FIXED-LENGTH DATA ELEMENTS--GENERAL INFORMATION
fixed length control field 260506b |||||||| |||| 00| 0 eng d
020 ## - INTERNATIONAL STANDARD BOOK NUMBER
ISBN 9789041132239
Paper back/Hardbound hbk
041 ## - LANGUAGE CODE
Language code of text/sound track or separate title eng
082 ## - DEWEY DECIMAL CLASSIFICATION NUMBER
Classification number 341.1 SAS
100 ## - MAIN ENTRY--AUTHOR NAME
Personal name Sasson, Monique
110 ## - MAIN ENTRY--CORPORATE NAME
Corporate name or jurisdiction name as entry element Internatinal Arbitration Law Library
245 ## - TITLE STATEMENT
Title Substantive Law in Investment Treaty Arbitration:
Sub Title The Unsettled Relationship Between International and Municipal Law
Statement of responsibility, etc /Monique Sasson
260 ## - PUBLICATION, DISTRIBUTION, ETC. (IMPRINT)
Place of publication The Netherlands
Name of publisher Kluwer Law International
Year of publication 2010
300 ## - PHYSICAL DESCRIPTION
Number of Pages xxxii, 264p. :
Dimensions 26cm.
504 ## - BIBLIOGRAPHY, ETC. NOTE
Bibliography, etc Includes index
650 ## - SUBJECT ADDED ENTRY--TOPICAL TERM
Topical Term Law of nations
942 ## - ADDED ENTRY ELEMENTS (KOHA)
Koha item type English Books
Holdings
Withdrawn status Lost status Damaged status Not for loan Home library Current library Shelving location Date acquired Full call number Accession Number Price effective from Koha item type
        Anna Centenary Library Anna Centenary Library 4TH FLOOR, A WING 16.08.2010 341.1 SAS 138051 06.05.2026 English Books

Find us on the map